[Event "Thüringenliga 2012/2013"]
[Site "?"]
[Date "2012.12.16"]
[Round "4"]
[White "Berger, Nils"]
[Black "Ortlepp, Steffen"]
[Result "0-1"]
[WhiteElo "1470"]
[BlackElo "1819"]
[PlyCount "140"]
[EventDate "2012.??.??"]
[WhiteTeam "ESV Lok Sömmerda"]
[BlackTeam "Ilmenauer SV"]

1. e4 c5 2. Nc3 Nc6 3. f4 d6 4. Nf3 g6 5. Bb5 Bd7 6. Bxc6 Bxc6 7. O-O Bg7 8. d3
e6 9. Qe1 Ne7 10. Qh4 Bd7 11. Ne2 Nc6 12. Qxd8+ Rxd8 13. c3 O-O 14. Be3 b6 15.
d4 cxd4 16. Nexd4 Nxd4 17. cxd4 Rc8 18. Rac1 Bb5 19. Rfe1 Bd3 20. e5 d5 21. Rc3
Rxc3 22. bxc3 Rc8 23. Bd2 Rc4 24. Kf2 Ra4 25. Ra1 Ra3 26. Ne1 Bc4 27. Nc2 Rxa2
28. Rxa2 Bxa2 29. Nb4 Bc4 30. Bc1 Bf8 31. Ke3 a5 32. Nd3 Be7 33. Nb2 Bb3 34.
Kd3 b5 35. g3 a4 36. Kd2 g5 37. Nd3 gxf4 38. Nxf4 Kg7 39. h4 Kf8 40. Bb2 a3 41.
Bc1 Ke8 42. Nd3 Bc4 43. Nb4 a2 44. Bb2 f6 45. Nc6 Bf8 46. exf6 Bh6+ 47. Ke1 Bc1
48. Ba1 Kf7 49. Ne5+ Kxf6 50. g4 Bf4 51. Nxc4 Bg3+ 52. Ke2 dxc4 53. h5 Kg5 54.
Kf3 Bd6 55. Ke4 Kxg4 56. d5 e5 57. Bb2 Kxh5 58. Kf5 Kh4 59. Ke6 e4 60. Kxd6 e3
61. Kc7 e2 62. d6 e1=Q 63. d7 Qe5+ 64. Kc8 Qc5+ 65. Kb8 Qd6+ 66. Kc8 Qc6+ 67.
Kd8 Kg5 68. Ke8 Qe6+ 69. Kd8 Kf6 70. Ba3 a1=Q 0-1

[Event "Thüringenliga 2012/2013"]
[Site "?"]
[Date "2012.12.16"]
[Round "4"]
[White "Langheinrich, Ferenc"]
[Black "du Maire, Jérôme"]
[Result "1-0"]
[WhiteElo "2330"]
[BlackElo "2015"]
[PlyCount "64"]
[EventDate "2012.??.??"]
[WhiteTeam "SC 51 Nordhausen"]
[BlackTeam "SV 1861 Liebschwitz"]

1. Nf3 d5 2. g3 Nf6 3. Bg2 e6 4. O-O Be7 5. c4 O-O 6. d4 dxc4 7. Qc2 a6 8. a4
Bd7 9. Qxc4 Bc6 10. Nc3 b5 11. Qd3 b4 12. Nb1 Be4 13. Qd1 Nbd7 14. Nbd2 Bb7 15.
Nc4 c5 16. a5 Rc8 17. Bf4 Bd5 18. Nd6 Rc6 19. Nb7 Qa8 20. Nxc5 Nxc5 21. dxc5
Rxc5 22. Qa4 Qb7 23. Ne1 Bxg2 24. Nxg2 Rfc8 25. Ne1 Rb5 26. Nd3 Bd8 27. Rfc1
Rxc1+ 28. Rxc1 Bxa5 29. Nc5 Qa7 30. Nb3 Bd8 31. Be3 Qa8 32. Ra1 Nd5 1-0

[Event "Thüringenliga 2012/2013"]
[Site "?"]
[Date "2012.12.16"]
[Round "4"]
[White "Hermannsdörfer, Frank"]
[Black "Anisheva, Varvara"]
[Result "1-0"]
[WhiteElo "2137"]
[BlackElo "1986"]
[PlyCount "83"]
[EventDate "2012.??.??"]
[WhiteTeam "SV 1861 Liebschwitz"]
[BlackTeam "SC 51 Nordhausen"]

1. b3 d6 2. Bb2 e5 3. e3 Bf5 4. d3 Nc6 5. c4 Nf6 6. Nc3 Be7 7. a3 Qd7 8. Be2 h6
9. Nf3 Bg4 10. Qc2 Nh7 11. Nd5 Bxf3 12. Bxf3 Ng5 13. Be2 h5 14. b4 Nd8 15. d4
c6 16. Nxe7 Qxe7 17. dxe5 dxe5 18. Qf5 f6 19. h4 Qe6 20. Qc2 Ngf7 21. c5 Kf8
22. Rh3 Qe7 23. Rg3 Ne6 24. Bc4 Rh6 25. Qf5 Re8 26. Rd1 b5 27. Bb3 a5 28. Qe4
a4 29. Ba2 Qc7 30. Rg6 Rh8 31. g4 Nf4 32. gxh5 Rxh5 33. Qf3 Rxh4 34. exf4 exf4+
35. Kf1 Ng5 36. Rxg5 fxg5 37. Rd6 Qe7 38. Be6 Rh6 39. Qc3 Rf6 40. Qh3 Rh6 41.
Qf5+ Rf6 42. Qh7 1-0

[Event "Thüringenliga 2012/2013"]
[Site "?"]
[Date "2012.12.16"]
[Round "4"]
[White "Königsmann, Marcus"]
[Black "Zeidler, Andreas"]
[Result "0-1"]
[WhiteElo "1907"]
[BlackElo "2104"]
[PlyCount "88"]
[EventDate "2012.??.??"]
[WhiteTeam "SC 51 Nordhausen"]
[BlackTeam "SV 1861 Liebschwitz"]

1. e4 d6 2. d4 g6 3. f4 Bg7 4. Nf3 c6 5. Bd3 d5 6. e5 Nh6 7. O-O Bf5 8. c3 O-O
9. Bxf5 Nxf5 10. e6 fxe6 11. Ng5 Qc8 12. Qe2 Rf6 13. Re1 c5 14. Nxe6 cxd4 15.
Nxg7 Kxg7 16. g4 Ne3 17. Bxe3 dxe3 18. f5 gxf5 19. Qxe3 Nc6 20. g5 Rg6 21. Nd2
e5 22. Nf3 f4 23. Qf2 e4 24. Nd4 Qg4+ 25. Kh1 Rf8 26. Rg1 Qh3 27. Raf1 Ne5 28.
Qg2 Qxg2+ 29. Rxg2 f3 30. Rg3 Nc4 31. Nc2 Nxb2 32. Ne3 Nc4 33. Nxc4 dxc4 34.
Kg1 Re6 35. Kf2 Rd8 36. Ke3 Rd3+ 37. Kf4 e3 38. Rb1 e2 39. Rxb7+ Kf8 40. g6
Rf6+ 41. Ke5 e1=Q+ 42. Kxf6 Rd6+ 43. Kf5 hxg6+ 44. Kg5 Qe3+ 0-1

[Event "Thüringenliga 2012/2013"]
[Site "?"]
[Date "2012.12.16"]
[Round "4"]
[White "Gerhardt, Frank"]
[Black "Koksch, Robert"]
[Result "1/2-1/2"]
[WhiteElo "2014"]
[BlackElo "1934"]
[PlyCount "30"]
[EventDate "2012.??.??"]
[WhiteTeam "SV 1861 Liebschwitz"]
[BlackTeam "SC 51 Nordhausen"]

1. e4 c6 2. d4 d5 3. e5 Bf5 4. Nf3 e6 5. Be2 c5 6. Be3 cxd4 7. Nxd4 Ne7 8. Nd2
Nbc6 9. N2f3 Be4 10. O-O Bxf3 11. Nxf3 Ng6 12. Bb5 a6 13. Bxc6+ bxc6 14. c3 c5
15. Qa4+ Qd7 1/2-1/2

[Event "Thüringenliga 2012/2013"]
[Site "?"]
[Date "2012.12.16"]
[Round "4"]
[White "Schilling, Rolf"]
[Black "Kastner, Peter"]
[Result "1/2-1/2"]
[WhiteElo "1956"]
[BlackElo "1963"]
[PlyCount "24"]
[EventDate "2012.??.??"]
[WhiteTeam "SC 51 Nordhausen"]
[BlackTeam "SV 1861 Liebschwitz"]

1. e4 c5 2. Nf3 d6 3. d4 cxd4 4. Nxd4 Nf6 5. Nc3 a6 6. Bc4 e6 7. Be3 Be7 8. O-O
O-O 9. Bb3 Nc6 10. f4 Na5 11. Qf3 Nxb3 12. axb3 Qc7 1/2-1/2

[Event "Thüringenliga 2012/2013"]
[Site "?"]
[Date "2012.12.16"]
[Round "4"]
[White "Reichardt, Hans-Ulrich"]
[Black "Biel, Maik"]
[Result "1/2-1/2"]
[WhiteElo "1682"]
[BlackElo "1968"]
[PlyCount "44"]
[EventDate "2012.??.??"]
[WhiteTeam "SC 51 Nordhausen"]
[BlackTeam "SV 1861 Liebschwitz"]

1. Nf3 c5 2. b3 e6 3. Bb2 Nf6 4. d3 d5 5. Nbd2 Be7 6. g3 Nc6 7. Bg2 b6 8. O-O
Bb7 9. Re1 O-O 10. e4 dxe4 11. dxe4 Qc7 12. c3 Nd7 13. Qc2 Rad8 14. Rad1 Nde5
15. Nxe5 Nxe5 16. Nf3 Nxf3+ 17. Bxf3 c4 18. b4 Qe5 19. Bg2 h6 20. Qe2 b5 21. f4
Qc7 22. Bc1 a6 1/2-1/2

[Event "Thüringenliga 2012/2013"]
[Site "?"]
[Date "2012.12.16"]
[Round "4"]
[White "Siebarth, Raiko"]
[Black "Buckan, Jens"]
[Result "1-0"]
[WhiteElo "2269"]
[BlackElo "1965"]
[PlyCount "65"]
[EventDate "2012.??.??"]
[WhiteTeam "SG Blau-Weiß Stadtilm"]
[BlackTeam "SV Empor Erfurt"]

1. c4 g6 2. Nc3 Bg7 3. g3 e5 4. Bg2 Ne7 5. b3 c6 6. Ba3 d6 7. e3 O-O 8. Nge2 f5
9. O-O Qc7 10. d4 e4 11. f3 exf3 12. Bxf3 Nd7 13. Qd3 Nf6 14. Rae1 Bd7 15. Nf4
Rae8 16. Kh1 Bh6 17. d5 c5 18. Nb5 Qb8 19. Ne6 Bxe6 20. dxe6 Nc8 21. e4 fxe4
22. Bxe4 Nxe4 23. Qxe4 Ne7 24. Rf7 a6 25. Nc3 Bd2 26. Qh4 Rxf7 27. exf7+ Kxf7
28. Qxh7+ Kf8 29. Rf1+ Nf5 30. Qxg6 Bxc3 31. Rxf5+ Ke7 32. Rf7+ Kd8 33. Qg5+
1-0

[Event "Thüringenliga 2012/2013"]
[Site "?"]
[Date "2012.12.16"]
[Round "4"]
[White "Taudte, Stefan"]
[Black "Schneider, Christian"]
[Result "1/2-1/2"]
[WhiteElo "1979"]
[BlackElo "2202"]
[PlyCount "56"]
[EventDate "2012.??.??"]
[WhiteTeam "SV Empor Erfurt"]
[BlackTeam "SG Blau-Weiß Stadtilm"]

1. d4 Nf6 2. c4 e6 3. Nf3 Bb4+ 4. Bd2 Qe7 5. a3 Bxd2+ 6. Nbxd2 d6 7. e4 e5 8.
d5 a5 9. Bd3 O-O 10. b4 axb4 11. axb4 Rxa1 12. Qxa1 Na6 13. Qc3 Nh5 14. g3 Bh3
15. Bf1 Qd7 16. Bxh3 Qxh3 17. Nh4 Nf4 18. Ndf3 Ng2+ 19. Ke2 Nxh4 20. Nxh4 g6
21. Rb1 f5 22. Qe3 f4 23. Qa7 fxg3 24. hxg3 Qg4+ 25. Ke3 Qg5+ 26. Ke2 Qg4+ 27.
Ke3 Qg5+ 28. Ke2 Qg4+ 1/2-1/2

[Event "Thüringenliga 2012/2013"]
[Site "?"]
[Date "2012.12.16"]
[Round "4"]
[White "Rätsch, Heinz"]
[Black "Schmuck, Helmut"]
[Result "0-1"]
[WhiteElo "2110"]
[BlackElo "1924"]
[PlyCount "94"]
[EventDate "2012.??.??"]
[WhiteTeam "SG Blau-Weiß Stadtilm"]
[BlackTeam "SV Empor Erfurt"]

1. Nf3 c5 2. e3 d5 3. d4 cxd4 4. exd4 Nc6 5. c3 Nf6 6. Bd3 g6 7. O-O Bg7 8. Re1
O-O 9. h3 Bf5 10. Bxf5 gxf5 11. Bf4 Ne4 12. Nbd2 Qb6 13. Qc1 Rac8 14. Nxe4 fxe4
15. Ne5 Nxe5 16. dxe5 Qe6 17. Qe3 b6 18. Qg3 Kh8 19. Rad1 Rg8 20. Qh2 f6 21.
exf6 exf6 22. Be3 f5 23. Bd4 Rc4 24. Qf4 Bxd4 25. cxd4 Qf6 26. b3 Rc3 27. Re3
Rc2 28. a4 h5 29. Rde1 h4 30. R1e2 Rc6 31. Rd2 Qg5 32. Qxg5 Rxg5 33. f4 Rg3 34.
Rde2 Rc3 35. Rxc3 Rxc3 36. Rb2 Rd3 37. Rc2 Rxd4 38. Rc8+ Kg7 39. Rc7+ Kg6 40.
Rc6+ Kh5 41. Rf6 e3 42. Rxf5+ Kg6 43. Re5 Rd1+ 44. Kh2 d4 45. g4 Rd2+ 46. Kg1
e2 47. Kf2 d3 0-1

[Event "Thüringenliga 2012/2013"]
[Site "?"]
[Date "2012.12.16"]
[Round "4"]
[White "Michalowski, Peter"]
[Black "George, Tom"]
[Result "1-0"]
[WhiteElo "1956"]
[BlackElo "1877"]
[PlyCount "69"]
[EventDate "2012.??.??"]
[WhiteTeam "SV Empor Erfurt"]
[BlackTeam "SG Blau-Weiß Stadtilm"]

1. e4 c5 2. Nc3 e6 3. Nf3 d6 4. d4 cxd4 5. Nxd4 Nf6 6. Be3 a6 7. Be2 Qc7 8. a3
b5 9. Qd2 Bb7 10. f3 Nbd7 11. O-O-O Be7 12. g4 Ne5 13. g5 Nfd7 14. f4 Nc4 15.
Bxc4 Qxc4 16. Kb1 Rc8 17. f5 Nc5 18. fxe6 fxe6 19. Rhe1 Nxe4 20. Nxe4 Bxe4 21.
Bf4 d5 22. b3 Qc5 23. Rxe4 dxe4 24. Nxe6 Qc3 25. Qd7+ Kf7 26. g6+ hxg6 27. Ng5+
Kf8 28. Bc7 Bxg5 29. Qxc8+ Kf7 30. Rd7+ Kf6 31. Rd6+ Kf7 32. Qe6+ Kf8 33. Rd8+
Bxd8 34. Bd6+ Be7 35. Bxe7+ 1-0

[Event "Thüringenliga 2012/2013"]
[Site "?"]
[Date "2012.12.16"]
[Round "4"]
[White "Siebarth, Marco"]
[Black "Wahlicht, Mike"]
[Result "1-0"]
[WhiteElo "1975"]
[BlackElo "1830"]
[PlyCount "121"]
[EventDate "2012.??.??"]
[WhiteTeam "SG Blau-Weiß Stadtilm"]
[BlackTeam "SV Empor Erfurt"]

1. e4 c5 2. Nf3 Nc6 3. d4 cxd4 4. Nxd4 Nf6 5. Nc3 e5 6. Ndb5 d6 7. Bg5 a6 8.
Na3 b5 9. Nd5 Be7 10. Bxf6 Bxf6 11. c3 O-O 12. Nc2 Rb8 13. Be2 Bg5 14. O-O Be6
15. Nce3 Bxe3 16. Nxe3 Ne7 17. Bf3 f5 18. exf5 Nxf5 19. Nxf5 Rxf5 20. Bg4 Rf6
21. Bxe6+ Rxe6 22. Qd5 Qd7 23. Rad1 Qf7 24. a3 Rf6 25. Qe4 Qb7 26. Rd5 Qb6 27.
g3 Rbf8 28. Rd2 Qc5 29. Kg2 Qc4 30. Qb7 Qc8 31. Qb6 Rh6 32. f3 Qh3+ 33. Kg1 e4
34. Qxa6 exf3 35. Qxb5 Rhf6 36. Rdf2 Qg4 37. Qd5+ Kh8 38. Re1 Qg6 39. Qe4 Qf7
40. b4 Qa7 41. Ra1 Rf5 42. a4 Re5 43. Qd4 Qe7 44. a5 Re4 45. Qd2 h5 46. Raf1
Re3 47. a6 Rf6 48. b5 Qa7 49. Re1 Rfe6 50. Rxe3 Rxe3 51. Qd4 Qe7 52. h4 Re1+
53. Kh2 Re2 54. a7 Qb7 55. b6 Qa6 56. g4 hxg4 57. Kg3 Qb7 58. h5 Re6 59. Qxg4
Re8 60. Qxf3 d5 61. Qf8+ 1-0

[Event "Thüringenliga 2012/2013"]
[Site "?"]
[Date "2012.12.16"]
[Round "4"]
[White "Renner, Wolfgang"]
[Black "Berner, Stephan"]
[Result "0-1"]
[WhiteElo "1761"]
[BlackElo "1842"]
[PlyCount "60"]
[EventDate "2012.??.??"]
[WhiteTeam "SV Empor Erfurt"]
[BlackTeam "SG Blau-Weiß Stadtilm"]

1. Nf3 Nf6 2. g3 g6 3. Bg2 Bg7 4. O-O O-O 5. c4 d6 6. Nc3 Nbd7 7. d4 Re8 8. e4
e5 9. d5 Nb6 10. Qd3 Nh5 11. Nh4 Bd7 12. Be3 Rf8 13. Qe2 Nf4 14. gxf4 Qxh4 15.
fxe5 Bxe5 16. f4 Bg7 17. Rac1 f5 18. Bxb6 axb6 19. e5 dxe5 20. fxe5 Qd4+ 21.
Kh1 Qxe5 22. Qf3 Rfe8 23. Rcd1 Bf8 24. Rfe1 Qxe1+ 25. Rxe1 Rxe1+ 26. Bf1 Rae8
27. Kg2 Bc5 28. h4 R8e3 29. Qf4 Bd6 30. Qd4 Rg3+ 0-1

[Event "Thüringenliga 2012/2013"]
[Site "?"]
[Date "2012.12.16"]
[Round "4"]
[White "Schröter, Maik"]
[Black "Trautmann, Johannes"]
[Result "1-0"]
[WhiteElo "1716"]
[BlackElo "1739"]
[PlyCount "81"]
[EventDate "2012.??.??"]
[WhiteTeam "SG Blau-Weiß Stadtilm"]
[BlackTeam "SV Empor Erfurt"]

1. e4 c6 2. d4 d5 3. exd5 cxd5 4. Bd3 Nf6 5. c3 Nc6 6. Bf4 Bg4 7. f3 Bh5 8. Qb3
Qd7 9. Ne2 e6 10. Nd2 Bg6 11. Nc1 Be7 12. Be5 O-O 13. O-O a6 14. Bxf6 Bxf6 15.
Bxg6 hxg6 16. Nd3 b5 17. f4 Qc7 18. Ne5 Na5 19. Qd1 Rab8 20. Rc1 Rfc8 21. Qg4
Qd6 22. h4 Rc7 23. h5 gxh5 24. Qxh5 Nc4 25. Ndxc4 bxc4 26. Rc2 Rcb7 27. Rff2 a5
28. g4 g6 29. Qh3 Bxe5 30. fxe5 Qf8 31. Rh2 Qg7 32. g5 a4 33. a3 Rb3 34. Rcf2
R3b7 35. Kf1 Rc7 36. Rf4 Kf8 37. Qh8+ Qg8 38. Qf6 Rcb7 39. Rh8 Rxb2 40. Rxg8+
Kxg8 41. Qxf7+ 1-0

[Event "Thüringenliga 2012/2013"]
[Site "?"]
[Date "2012.12.16"]
[Round "4"]
[White "Zahn, Alina"]
[Black "Werner, Justus"]
[Result "1/2-1/2"]
[WhiteElo "1915"]
[BlackElo "1704"]
[PlyCount "46"]
[EventDate "2012.??.??"]
[WhiteTeam "SV Empor Erfurt"]
[BlackTeam "SG Blau-Weiß Stadtilm"]

1. e4 c5 2. Nf3 d6 3. d4 cxd4 4. Nxd4 Nf6 5. f3 e5 6. Nb3 d5 7. Bg5 Be6 8. Bxf6
gxf6 9. exd5 Qxd5 10. Qxd5 Bxd5 11. Nc3 Be6 12. Nb5 Na6 13. O-O-O Ke7 14. Be2
Bh6+ 15. Kb1 b6 16. Rhe1 Nb4 17. Nc3 Rhd8 18. a3 Nc6 19. Bd3 f5 20. Nd2 f6 21.
Nc4 Nd4 22. Ne3 Bf4 23. Nf1 a6 1/2-1/2

[Event "Thüringenliga 2012/2013"]
[Site "?"]
[Date "2012.12.16"]
[Round "4"]
[White "Müller, Michael"]
[Black "Kottwitz, Daniel"]
[Result "1-0"]
[WhiteElo "2148"]
[BlackElo "1887"]
[PlyCount "63"]
[EventDate "2012.??.??"]
[WhiteTeam "SSV Vimaria 91 Weimar"]
[BlackTeam "Schachzirkel Elstertal Langenberg"]

1. d4 e6 2. g3 f5 3. Bg2 d5 4. c4 c6 5. Nc3 Nf6 6. e3 Bd6 7. b3 O-O 8. Bb2 Nbd7
9. Nge2 Ne4 10. O-O Ndf6 11. f3 Nxc3 12. Nxc3 c5 13. Nb5 Be7 14. dxc5 Bxc5 15.
Bd4 Be7 16. cxd5 Nxd5 17. e4 Nb4 18. a3 Nc6 19. Bf2 Qa5 20. Qe2 Bf6 21. b4 Qa4
22. Rad1 fxe4 23. f4 a6 24. Nc7 Rb8 25. b5 axb5 26. Nxb5 b6 27. Bxe4 Na5 28.
Nd6 Qxa3 29. Qh5 g6 30. Bxg6 hxg6 31. Qxg6+ Bg7 32. Bd4 1-0

[Event "Thüringenliga 2012/2013"]
[Site "?"]
[Date "2012.12.16"]
[Round "4"]
[White "Sobolevsky, Leonid"]
[Black "Günther, Andreas"]
[Result "1/2-1/2"]
[WhiteElo "2141"]
[BlackElo "2091"]
[PlyCount "84"]
[EventDate "2012.??.??"]
[WhiteTeam "Schachzirkel Elstertal Langenberg"]
[BlackTeam "SSV Vimaria 91 Weimar"]

1. e4 d5 2. exd5 Qxd5 3. Nc3 Qa5 4. d4 Nf6 5. Nf3 Bg4 6. h3 Bh5 7. g4 Bg6 8.
Ne5 c6 9. Nc4 Qd8 10. Bg2 e6 11. a3 Nbd7 12. O-O Be7 13. Be3 O-O 14. f4 h6 15.
Qe2 Nd5 16. Nxd5 exd5 17. Ne5 Bh7 18. f5 Re8 19. Bf4 Bg5 20. Qf2 Bxf4 21. Qxf4
Nxe5 22. dxe5 Qb6+ 23. Kh1 Qxb2 24. Rae1 Re7 25. e6 Rf8 26. c4 dxc4 27. Qxc4
Qf6 28. Qc5 a6 29. Rd1 fxe6 30. Rd6 Rfe8 31. Qb4 Qg5 32. fxe6 Qb5 33. Qf4 Bg6
34. Re1 Qb3 35. Re3 Qb1+ 36. Kh2 Qa2 37. Rd7 Rxe6 38. Qd4 Rf6 39. Rxe8+ Bxe8
40. Rxb7 Qxa3 41. Rb8 Rf8 42. Rb7 Bf7 1/2-1/2

[Event "Thüringenliga 2012/2013"]
[Site "?"]
[Date "2012.12.16"]
[Round "4"]
[White "Albrecht, Jürgen"]
[Black "Watzke, Birger"]
[Result "1/2-1/2"]
[WhiteElo "2046"]
[BlackElo "2154"]
[PlyCount "154"]
[EventDate "2012.??.??"]
[WhiteTeam "SSV Vimaria 91 Weimar"]
[BlackTeam "Schachzirkel Elstertal Langenberg"]

1. e4 c5 2. Nf3 d6 3. d4 cxd4 4. Nxd4 Nf6 5. Nc3 a6 6. Bc4 e6 7. Bb3 b5 8. a3
Bb7 9. Qe2 Nc6 10. Nxc6 Bxc6 11. O-O Be7 12. Rd1 Qc7 13. Bf4 O-O 14. Rd2 Rfd8
15. Rad1 Rd7 16. f3 Rad8 17. g4 Qb7 18. Nd5 exd5 19. exd5 Nxd5 20. Bxd5 Bf6 21.
c3 h6 22. Bxc6 Qxc6 23. Rd5 Re7 24. Qf2 Re6 25. Kg2 Qc4 26. Qg3 Re2+ 27. Kh3
Rxb2 28. g5 hxg5 29. Bxg5 Bxg5 30. Qxg5 Re8 31. R1d3 Qa2 32. Rd2 Rxd2 33. Qxd2
Qxd2 34. Rxd2 Re6 35. Kg3 Kf8 36. a4 Ke7 37. axb5 axb5 38. Ra2 Re5 39. Ra7+ Ke6
40. Rb7 Rc5 41. h4 g6 42. Kf4 f6 43. Rg7 Rc4+ 44. Kg3 Rxc3 45. Rxg6 Kf7 46. Rg4
Rc4 47. f4 b4 48. h5 b3 49. h6 Rc3+ 50. Kg2 b2 51. Rg7+ Kf8 52. Rb7 Rc2+ 53.
Kg3 Kg8 54. Kg4 d5 55. Kf5 d4 56. Ke4 Rd2 57. f5 Kh8 58. Kf3 Kg8 59. Ke4 Rf2
60. Kxd4 Rxf5 61. Rxb2 Rh5 62. Rb7 Rxh6 63. Ke4 Rh7 64. Rxh7 Kxh7 65. Kf5 Kg7
66. Kf4 Kg6 67. Kg4 f5+ 68. Kf4 Kf6 69. Kf3 Kg5 70. Kg3 f4+ 71. Kf3 Kf5 72. Kf2
Kg4 73. Kg2 f3+ 74. Kf2 Kf4 75. Kf1 Ke3 76. Ke1 f2+ 77. Kf1 Kf3 1/2-1/2

[Event "Thüringenliga 2012/2013"]
[Site "?"]
[Date "2012.12.16"]
[Round "4"]
[White "Frommelt, Hans-Jürgen"]
[Black "Philipp, Michael"]
[Result "0-1"]
[WhiteElo "1965"]
[BlackElo "1972"]
[PlyCount "122"]
[EventDate "2012.??.??"]
[WhiteTeam "Schachzirkel Elstertal Langenberg"]
[BlackTeam "SSV Vimaria 91 Weimar"]

1. e4 c5 2. Nc3 Nc6 3. Nge2 e6 4. d4 cxd4 5. Nxd4 Nf6 6. Be3 Bb4 7. Nxc6 dxc6
8. Qxd8+ Kxd8 9. O-O-O+ Ke7 10. f3 Rd8 11. Be2 b6 12. Rxd8 Kxd8 13. Rd1+ Ke8
14. g4 e5 15. a3 Bxc3 16. bxc3 Be6 17. Rd6 Ke7 18. Rxc6 Bd7 19. Rc7 Ne8 20. Rb7
Nd6 21. Ba6 Nxb7 22. Bxb7 Rb8 23. Ba6 h5 24. g5 f5 25. Bd3 f4 26. Bf2 h4 27. c4
Bc6 28. c5 b5 29. Be1 Kf7 30. Bxh4 Rh8 31. Be1 Rxh2 32. Bc3 Ke6 33. a4 a6 34.
axb5 axb5 35. Be1 Rh3 36. Be2 Rh5 37. c4 b4 38. Bxb4 Rxg5 39. Kd2 Rg3 40. Ke1
g5 41. Kf2 g4 42. Ba5 Rh3 43. Kg2 Bxe4 44. fxe4 f3+ 45. Bxf3 Rxf3 46. c6 Re3
47. c7 Kd7 48. c5 Rxe4 49. Kg3 Rf4 50. Bb6 Rf8 51. Kxg4 Kc6 52. c8=Q+ Rxc8 53.
Kf3 Kd5 54. Ke2 Ke4 55. Ba7 Rc6 56. Bb6 Rh6 57. Bc7 Rh2+ 58. Kf1 Rc2 59. Bd6
Kf3 60. Ke1 e4 61. Kd1 Rc4 0-1

[Event "Thüringenliga 2012/2013"]
[Site "?"]
[Date "2012.12.16"]
[Round "4"]
[White "Riedel, Finn"]
[Black "Streit, Michael"]
[Result "1/2-1/2"]
[WhiteElo "1988"]
[BlackElo "1893"]
[PlyCount "30"]
[EventDate "2012.??.??"]
[WhiteTeam "SSV Vimaria 91 Weimar"]
[BlackTeam "Schachzirkel Elstertal Langenberg"]

1. g3 d5 2. Bg2 e5 3. d3 Nc6 4. Nf3 Nf6 5. O-O Bg4 6. c3 Qd7 7. b4 a6 8. a3 Be7
9. Qc2 O-O 10. Nbd2 Rfe8 11. Nb3 b6 12. Bb2 Rac8 13. e4 Rcd8 14. Rad1 h6 15.
Rd2 Qe6 1/2-1/2

[Event "Thüringenliga 2012/2013"]
[Site "?"]
[Date "2012.12.16"]
[Round "4"]
[White "Streit, Jürgen"]
[Black "Stiefel, Roland"]
[Result "1/2-1/2"]
[WhiteElo "1710"]
[BlackElo "1974"]
[PlyCount "79"]
[EventDate "2012.??.??"]
[WhiteTeam "Schachzirkel Elstertal Langenberg"]
[BlackTeam "SSV Vimaria 91 Weimar"]

1. e4 c5 2. Nf3 a6 3. c4 d6 4. d4 cxd4 5. Nxd4 Nf6 6. Nc3 e6 7. Be2 Be7 8. O-O
O-O 9. Kh1 b6 10. f4 Bb7 11. Bf3 Qc7 12. Be3 Nbd7 13. Rc1 Rac8 14. b3 Rfe8 15.
Nde2 Nc5 16. Ng3 Qb8 17. Bd4 e5 18. Be3 exf4 19. Bxf4 Bf8 20. Qc2 Qa8 21. Nd5
Ncd7 22. Qf2 Bxd5 23. exd5 b5 24. Nf5 Ne5 25. Qg3 g6 26. Nh6+ Kg7 27. Nf5+ Kh8
28. Qg5 Ng8 29. Nd4 bxc4 30. Bxe5+ Rxe5 31. Qg4 f5 32. Qg3 cxb3 33. axb3 Nf6
34. Nc6 Ree8 35. Qg5 Bg7 36. h4 Qb7 37. h5 Nxh5 38. Bxh5 gxh5 39. Rxf5 Qxb3 40.
Rcf1 1/2-1/2

[Event "Thüringenliga 2012/2013"]
[Site "?"]
[Date "2012.12.16"]
[Round "4"]
[White "Anschütz, Mario"]
[Black "Schaudin, Andreas"]
[Result "1/2-1/2"]
[WhiteElo "1813"]
[BlackElo "1583"]
[PlyCount "82"]
[EventDate "2012.??.??"]
[WhiteTeam "SSV Vimaria 91 Weimar"]
[BlackTeam "Schachzirkel Elstertal Langenberg"]

1. d4 d5 2. c4 e6 3. cxd5 exd5 4. Nc3 Nf6 5. Bg5 Be7 6. e3 c6 7. Bd3 Bg4 8.
Nge2 Nbd7 9. Qc2 Bh5 10. Nf4 Bg6 11. Nxg6 hxg6 12. O-O-O Nh5 13. Bxe7 Qxe7 14.
Kb1 Nhf6 15. f3 O-O-O 16. e4 Kb8 17. e5 Ne8 18. f4 Nc7 19. g3 Ne6 20. Be2 Rh6
21. h4 Qb4 22. a3 Qb6 23. Qa4 a6 24. Rd3 Qa7 25. Rc1 Nb6 26. Qb4 Rhh8 27. Rd2
Rhe8 28. a4 a5 29. Qb3 Na8 30. Qd1 Nac7 31. h5 gxh5 32. f5 Nf8 33. Bxh5 g6 34.
Bg4 gxf5 35. Bxf5 Nfe6 36. Ne2 Qb6 37. Rc3 Na6 38. Nc1 Nac7 39. Rb3 Qa7 40. Ne2
Ka8 41. Rc3 Rh8 1/2-1/2

[Event "Thüringenliga 2012/2013"]
[Site "?"]
[Date "2012.12.16"]
[Round "4"]
[White "Janisch, Manfred"]
[Black "Gräf, Michael"]
[Result "0-1"]
[WhiteElo "1774"]
[BlackElo "1843"]
[PlyCount "68"]
[EventDate "2012.??.??"]
[WhiteTeam "Schachzirkel Elstertal Langenberg"]
[BlackTeam "SSV Vimaria 91 Weimar"]

1. c4 c6 2. Nc3 d5 3. cxd5 cxd5 4. d4 Nc6 5. Nf3 Nf6 6. e3 Bg4 7. Be2 e6 8. a3
a6 9. O-O Bd6 10. b4 O-O 11. b5 Na5 12. Nd2 Bxe2 13. Qxe2 Qc7 14. Qd3 Bxh2+ 15.
Kh1 Bd6 16. e4 dxe4 17. Ndxe4 Nxe4 18. Nxe4 Qc4 19. Qd1 Be7 20. Bb2 Qb3 21. Qe2
Qxb5 22. Qxb5 axb5 23. Rfb1 Nb3 24. Ra2 Rfd8 25. Rd1 f5 26. Ng3 b4 27. a4 b5
28. Re1 Kf7 29. Ne2 bxa4 30. Nf4 Nxd4 31. Bxd4 Rxd4 32. Nxe6 Re4 33. Rxe4 fxe4
34. Nc7 Rc8 0-1

[Event "Thüringenliga 2012/2013"]
[Site "?"]
[Date "2012.12.16"]
[Round "4"]
[White "Rohmeiß, Roberto"]
[Black "Sauer, Marko"]
[Result "1/2-1/2"]
[WhiteElo "2032"]
[BlackElo "1978"]
[PlyCount "81"]
[EventDate "2012.??.??"]
[WhiteTeam "TSG Apolda"]
[BlackTeam "SG Arnstadt-Stadtilm"]

1. d4 d5 2. c4 c6 3. Nc3 Nf6 4. e3 Bf5 5. Nf3 e6 6. Be2 Nbd7 7. O-O Bd6 8. a3
Ne4 9. cxd5 exd5 10. Bd3 Nxc3 11. bxc3 Bxd3 12. Qxd3 O-O 13. Rb1 Rb8 14. c4
dxc4 15. Qxc4 Qe7 16. a4 Rfc8 17. Qd3 c5 18. Ba3 cxd4 19. Bxd6 Qxd6 20. Nxd4
Nc5 21. Qf5 g6 22. Qg4 Qd7 23. Qxd7 Nxd7 24. Nb5 Rc4 25. a5 a6 26. Nd6 Rc7 27.
Rfc1 Rxc1+ 28. Rxc1 b5 29. axb6 Rxb6 30. Nc8 Rb8 31. g3 Nb6 32. Nxb6 Rxb6 33.
Ra1 Kf8 34. h4 Ke7 35. Kg2 Kd7 36. g4 Kc7 37. Kg3 Kb7 38. Rd1 Rc6 39. Rb1+ Rb6
40. Rd1 Rc6 41. Rb1+ 1/2-1/2

[Event "Thüringenliga 2012/2013"]
[Site "?"]
[Date "2012.12.16"]
[Round "4"]
[White "Widmann, Benjamin"]
[Black "Maiwald, Harald"]
[Result "0-1"]
[WhiteElo "1853"]
[BlackElo "1989"]
[PlyCount "86"]
[EventDate "2012.??.??"]
[WhiteTeam "SG Arnstadt-Stadtilm"]
[BlackTeam "TSG Apolda"]

1. c4 Nf6 2. Nc3 b6 3. Nf3 Bb7 4. g3 c5 5. Bg2 e6 6. d3 Be7 7. Bf4 d6 8. O-O
O-O 9. a3 a6 10. b4 Nbd7 11. b5 a5 12. Qc2 Re8 13. Rad1 Rc8 14. Rfe1 Bf8 15. d4
Bxf3 16. Bxf3 cxd4 17. Ne4 e5 18. Bg5 d5 19. Bxf6 Nxf6 20. Nxf6+ gxf6 21. Qf5
Rxc4 22. e4 Bg7 23. exd5 Qc8 24. Qh5 f5 25. Bg2 e4 26. Bh3 Re5 27. Bf1 d3 28.
Bg2 Qc5 29. Qg5 Rxd5 30. g4 Rc2 31. Rf1 fxg4 32. Qxg4 f5 33. Qh5 Rd8 34. Bh3
Rf8 35. a4 Bd4 36. Qh4 Kh8 37. Kh1 Bxf2 38. Qh6 Qe7 39. Rxf2 Rxf2 40. Qxb6 e3
41. Qd4+ Qg7 42. Qxe3 Qb2 43. Qg3 Rg8 0-1